| 000 -ლიდერი |
| ფიქსირებული სიგრძის საკონტროლო ველი |
01942nam a22002657a 4500 |
| 003 - საკონტროლო ნომრის იდენტიფიკატორი |
| საკონტროლო ველი |
Ge_BSU |
| 005 - ბოლო ოპერაციის თარიღი და დრო |
| საკონტროლო ველი |
20191218160430.0 |
| 008 - ფიქსირებული სიგრძის მონაცემთა ელემენტები - ზოგადი ინფორმაცია |
| ფიქსირებული სიგრძის საკონტროლო ველი |
181216s2018 ge ||||| |||| 00| 0 geo d |
| 020 ## - წიგნის საერთაშორისო სტანდარტული ნომერი |
| International Standard Book Number |
9789941263835 |
| 022 ## - საერთაშორისო სტანდარტული სერიული ნომერი |
| International Standard Serial Number |
2298-0776 |
| 041 ## - ენის კოდი |
| Language code of text/sound track or separate title |
geo |
| 080 ## - უნივერსალური ათობითი კლასიფიკაციის ინდექსი |
| Universal Decimal Classification number |
94(479.223)(063) ს-25 |
| 245 ## - ცნობა სათაურის შესახებ |
| Title |
სამხრეთ-დასავლეთი საქართველო (ისტორია, არქეოლოგია, ეთნოლოგია) საერთაშორისო სამეცნიერო კონფერენციის მასალები : |
| Remainder of title |
IX / |
| Statement of responsibility, etc |
სარედ. საბჭო : მაია ივანიშვილი, თამაზ ფუტკარაძე და [სხვ..] ; აჭარის ავტონომიური რესპუბლიკის მთავრობის საქვეუწყებო დაწესებულება - საარქივო სამმართველო. |
| 264 ## - წარმოების, გამოცემის, დისტრიბუციის და სხვა ცნობები |
| გამოცემის, წარმოების, დისტრიბუციის... ადგილი |
თბილისი : |
| გამოცემის, წარმოების, დისტრიბუციის... სახელწოდება |
"უნივერსალი", |
| გამოცემის, წარმოების, დისტრიბუციის... თარიღი |
2019. |
| 300 ## - ფიზიკური აღწერა |
| Extent |
408 გვ. : |
| Other physical details |
ილ. ; |
| Dimensions |
20 სმ. |
| 504 ## - BIBLIOGRAPHY, ETC. NOTE |
| Bibliography, etc |
ბიბლიოგრ. ტექსტების ბოლოს. |
| 546 ## - LANGUAGE NOTE |
| Language note |
პარალ. სათაური ინგლ. ენაზე |
| 653 ## - INDEX TERM--UNCONTROLLED |
| Uncontrolled term |
საქართველოს ისტორია |
| 653 ## - INDEX TERM--UNCONTROLLED |
| Uncontrolled term |
არქეოლოგია |
| 653 ## - INDEX TERM--UNCONTROLLED |
| Uncontrolled term |
ეთნოლოგია |
| 700 ## - ADDED ENTRY--PERSONAL NAME |
| Personal name |
ივანიშვილი, მაია |
| 9 (RLIN) |
55 |
| Relator term |
რედაქტორი |
| 700 ## - ADDED ENTRY--PERSONAL NAME |
| Personal name |
ფუტკარაძე, თამაზ |
| 9 (RLIN) |
56 |
| Relator term |
რედაქტორი |
| 710 ## - ADDED ENTRY--CORPORATE NAME |
| Corporate name or jurisdiction name as entry element |
აჭარის ავტონომიური რესპუბლიკის მთავრობის საქვეუწყებო დაწესებულება - საარქივო სამმართველო. |
| 9 (RLIN) |
57 |
| 942 ## - ADDED ENTRY ELEMENTS (KOHA) |
| Source of classification or shelving scheme |
|
| Koha item type |
წიგნი |